000 00371nam a2200157Ia 4500
008 230917s9999||||xx |||||||||||||| ||und||
040 _e80729
_aMAIN
041 _aEnglish
082 _a346.03 S92L
100 _aShukla, M N
245 0 _alaw of torts
250 _a15th ed.
260 _aAllahabad
_bCentral Law Agency
_c1995
300 _axxxii, 318 p.
942 _cBK
999 _c94374
_d94374